| 000 | 00577nam a2200205 u 4500 | ||
|---|---|---|---|
| 005 | 20220905063511.0 | ||
| 008 | 100805s2008 ag r 000 0 spa d | ||
| 020 | _a9789870409922 | ||
| 035 | _aUPN01000177228 | ||
| 049 | _aCG | ||
| 050 | 4 |
_aPQ7798.29 A6.7 _bB8.7 |
|
| 100 | 1 |
_aSantis, Pablo de, _d1963- _930253 |
|
| 245 | 1 | 3 |
_aEl buscador de finales / _cPablo De Santis. |
| 260 |
_aBuenos Aires : _bAlfaguara, _cc2008. |
||
| 300 | _a151 p. | ||
| 440 | 0 | _aRoja | |
| 650 | 0 |
_aLiteratura juvenil argentina _912413 |
|
| 650 | 0 |
_aHistorias de aventuras _94131 |
|
| 905 | _aLibro | ||
| 999 |
_c149331 _d149331 |
||